000 00334nam a22001457a 4500
008 221006b ||||| |||| 00| 0 eng d
020 _a0721697224
041 _aeng
080 _2third edition
_a616.8
082 _a616.8 ZUI
100 _a11.2
101 _aTRU
245 _aTHE MANAGEMENT OF TRAUMA
_cZUIDEMA
942 _2udc
_cBK
999 _c58388
_d58388